An autobiography mahathma gandhi / (Record no. 15440)
[ view plain ]
| 000 -LEADER | |
|---|---|
| fixed length control field | 00313nam a22001217a 4500 |
| 020 ## - INTERNATIONAL STANDARD BOOK NUMBER | |
| ISBN | 9788187057932 |
| 082 ## - DEWEY DECIMAL CLASSIFICATION NUMBER | |
| Classification number | 923.2 |
| Item number | MOH/AN |
| 100 ## - MAIN ENTRY--AUTHOR NAME | |
| Personal name | Gandhi, mohandas karam chand . |
| 245 ## - TITLE STATEMENT | |
| Title | An autobiography mahathma gandhi / |
| 260 ## - PUBLICATION, DISTRIBUTION, ETC. (IMPRINT) | |
| Place of publication | Gurgaon ; |
| Name of publisher | Book paradise , |
| Year of publication | 2016 . |
| 300 ## - PHYSICAL DESCRIPTION | |
| Number of Pages | 405 ; . |
| 942 ## - ADDED ENTRY ELEMENTS (KOHA) | |
| Koha item type | Books |
No items available.
